| 000 | 01119nam a22002657a 4500 | ||
|---|---|---|---|
| 003 | PE SENCICO BE | ||
| 005 | 20251020182641.0 | ||
| 008 | 230819b |||||||| |||| 00| 0 eng d | ||
| 020 | _a978-958-762-177-8 | ||
| 040 |
_aPE SENCICO BE _cPE SENCICO BE |
||
| 082 |
_a001.42 _bC77 |
||
| 100 | 1 |
_91396 _aCórcoles Cubero, Ana Isabel _eautor |
|
| 245 | 1 |
_aCómo realizar buenos informes : _bsorprenda con informes claros, directos y concisos / _cAna Isabel Córcoles Cubero |
|
| 260 |
_aBogotá : _bediciones de la U : _bFC editorial ; _c2013 |
||
| 300 |
_a135 páginas : _bdiagramas ; _c24 cm. |
||
| 440 |
_91322 _aAdministración |
||
| 505 | 0 | _aIntroducción – Definición de objetivos – El Informe – Estructura de un informe - Psicología del lector – Recursos y técnicas de Redacción del siglo XXI – Resumen final. | |
| 650 | 1 | 0 |
_91397 _aRedacción de informes |
| 650 | 2 | 0 |
_9260 _aMetodología de la investigación |
| 650 | 2 | 0 |
_91398 _aGramática |
| 650 | 2 | 0 |
_91399 _aComunicación de la información técnica |
| 650 | 2 | 0 |
_91400 _aPsicología de la lectura |
| 910 |
_bhfp _chfp |
||
| 942 |
_2ddc _cLIB |
||
| 999 |
_c4283 _d4283 |
||